000
00325nam a2200121Ia 4500
008
210430s9999 xx 000 0 und d
082
_a
530 S5391B
100
_a
Shahzad,Asim
_9
54977
245
_a
Biocomposites properties,performances and applications
_c
Shahzad,Asim
260
_c
2017
300
_a
579p.
942
_c
BK
_2
ddc
999
_c
565909
_d
565909